000 00495 a2200169 4500
005 20250616171005.0
020 _a0-7674-3034-4
082 _a003.54 WES
100 _aWEST, R.
245 _aIntroduction Communication Theory: Analysis and Application.
250 _a2nd Ed.
260 _aNew York,
_bMc Graw-Hill,
_c2004.
300 _axxvi, 525.: ill.; picture, table.
_bIndex.
_c23cm.
700 _aTURNER, L. H.
856 _yAccess online book
_fCommunication
_dwww.mhhe.com
942 _2ddc
_cBKS
999 _c136
_d136